000
00214nam a22001097a 4500
041
_a
eng
080
_a
80
100
_a
Janiw, W.
245
_a
Gahrbuch der Ukrain. Bibliograph.
650
_a
German
999
_c
277779
_d
277779
942
_c
BK